El arrendamiento de automv̤iles

Detalles Bibliográficos
Autor principal: Maca̕s Cerrolaza, Manuel
Formato: Desconocido
Lenguaje:español
Publicado: Madrid : Dykinson, 2003
Materias:
Acceso en línea:Acceso restringido

MARC

LEADER 00000ny a22000003n 4500
005 20110602145035.0
008 020114s2003 sp || 000|0 spa d
017 |a D.L.SE2223-01 
020 |a 9788481557817 
035 |a 183 
040 |a BUS  |d vLex 
080 |a 347.453.6:656.121(460) 
090 |c 981  |d 981 
100 1 |a Maca̕s Cerrolaza, Manuel 
245 1 3 |a El arrendamiento de automv̤iles  |h [Recurso electrn̤ico]  |c Manuel Maca̕s Cerrrolaza 
256 |a Servicio en ln̕ea 
260 |a Madrid :  |b Dykinson,  |c 2003 
300 |a 327 p. ;  |c 22 cm 
500 |a Publicado originalmente como tesis 
504 |a Bibliog. 
506 1 |a Contenido solo disponible en los productos indicados  |d vLex Global  |d vLex Global (Academic Edition, excluding Law Schools)  |d vLex Global (U.S. Academic Edition, Law Schools)  |d vLex Global (U.S. Academic Edition, excluding Law Schools)  |d vLex Global (Academic Edition, Law Schools) 
650 0 7 |a Civil  |2 Tesauro vLex 
650 0 7 |a Contrato de arrendamiento  |2 Tesauro vLex 
650 0 7 |a Contratos  |2 Tesauro vLex 
650 0 7 |a Arrendamientos  |2 Tesauro vLex 
650 0 7 |a Arrendamiento de bienes  |2 Tesauro vLex 
740 0 |a vLex Libros (Servicios en ln̕ea) 
856 4 0 |u http://vlex.com/source/183  |z Acceso restringido 
942 |c BOOK